00750nam a2200229Ia 4500003000900000008004100009040001300050040001300063041000800076100001600084245011800100250001100218260001300229260000900242300001100251300001000262490002000272490000600292942000700298999001700305952019800322IT-RoPAU120407s9999 xx 000 0 und d aIT-RoPAU cIT-RoPAU aita aOmar Carena aLa comunicazione non-verbale nella Bibbia. Un approccio semiotico al ciclo di Elia ed Eliseo: 1Re 16,29-2Re 13,25 aTorino aMarietti c1981 a158 p. c24 cm aCollana Biblica v1 cBK c26459d26459 00102ddc406221_29000000000000071aPAULUSbPAULUSd2012-04-11l0o221.29r2012-04-11 00:00:00w2012-04-11yBKzInserito da: LuigiG In data: 27 ottobre 2011 fondo: Via A.Severo 56 Progr:18772